000 00435nam a22001577a 4500
005 20251108164404.0
008 250721s1985 xx 000 0 ara d
082 1 4 _a398.91/عبد
100 1 _aعبده، سمير
245 1 0 _aالتحليل النفسي للأمثال العربية /
264 1 _aدمشق :
_bدار النصر،
_c1985.
300 _a176ص.
650 1 7 _aالأمثال
942 _2ddc
_cBK
999 _c10970
_d10970